| 000 | 00547nam a2200145Ia 4500 | ||
|---|---|---|---|
| 003 | GCL | ||
| 008 | 140319s9999 xx 000 0 ara d | ||
| 040 |
_aGCL / _cGCL |
||
| 082 | 0 | 4 |
_a227 _bن ت |
| 100 | 1 | _aناصرالدين ابى سعيد عبدالله | |
| 245 | 1 | 0 |
_aتفسير البيضاوى المسمى انوار التنزيل واسرار التأويل / _cناصرالدين ابى سعيد عبدالله |
| 260 |
_a[S.N] : _bدار الكتب العلمية للنشر والتوزيع ، _c1988 |
||
| 300 | _a586 ص | ||
| 490 | _a | ||
| 999 |
_c31170 _d31170 |
||